Music Quiz

Random Music Quiz

Alt. Rock Lyrics of the '80s - #2 Quiz Stats

Quiz not verified by Sporcle

Challenge
Share
Tweet
Embed
Score 0/117 Timer 08:00
0 Plays Today
Answer % Correct
the
91.3%
You
87%
you
87%
when
80.4%
do
80.4%
and
80.4%
is
80.4%
When
80.4%
When
80.4%
No
76.1%
to
76.1%
No
76.1%
to
76.1%
No
76.1%
to
76.1%
to
76.1%
no
76.1%
No
76.1%
to
76.1%
No
76.1%
to
76.1%
No
76.1%
to
76.1%
No
76.1%
to
76.1%
No
76.1%
to
76.1%
your
69.6%
go
65.2%
go
65.2%
it's
65.2%
It's
65.2%
you're
65.2%
it's
65.2%
you're
65.2%
it's
65.2%
It's
65.2%
of
63%
too.
60.9%
Answer % Correct
My
54.3%
my
54.3%
my
54.3%
down,
52.2%
down.
52.2%
way
50%
up.
50%
up,
50%
way
50%
all
50%
as
47.8%
like
47.8%
Our
45.7%
I'm
45.7%
hear
37%
a
32.6%
a
32.6%
that's
32.6%
a
32.6%
a
32.6%
a
32.6%
get
30.4%
long
30.4%
long
30.4%
their
28.3%
because
23.9%
thing.
23.9%
thing.
23.9%
new
23.9%
new
23.9%
new
23.9%
new
23.9%
new
23.9%
new
23.9%
thing.
23.9%
new
23.9%
new
23.9%
tell.
21.7%
tell.
21.7%
Answer % Correct
tell.
21.7%
tell.
21.7%
tell.
21.7%
tell.
21.7%
tell.
21.7%
tell.
21.7%
world
19.6%
world.
19.6%
cannot
17.4%
same
17.4%
little
15.2%
tale
15.2%
tale
15.2%
tale
15.2%
name.
15.2%
name.
15.2%
tale
15.2%
tale
15.2%
tale
15.2%
tale
15.2%
tale
15.2%
part
13%
lives
13%
People
13%
Please
13%
call
13%
Call
13%
against
10.9%
nature,
10.9%
against
10.9%
nature
10.9%
nature,
10.9%
simple
10.9%
Simple
10.9%
complicated.
8.7%
flower,
8.7%
complicated
8.7%
names.
8.7%
exception.
6.5%

You're not logged in!

Compare scores with friends on all Sporcle quizzes.
Sign Up with Email
OR
Log In

You Might Also Like...

Show Comments

Extras

Top Quizzes Today


Score Distribution

Your Account Isn't Verified!

In order to create a playlist on Sporcle, you need to verify the email address you used during registration. Go to your Sporcle Settings to finish the process.

Report this User

Report this user for behavior that violates our Community Guidelines.

Details: